Perspektiven einer postfeministischen Ethik jenseits einer geschlechterspezifischen Moral
| Main Author: | |
|---|---|
| Format: | Print Article |
| Language: | German |
| Check availability: | HBZ Gateway |
| Interlibrary Loan: | Interlibrary Loan for the Fachinformationsdienste (Specialized Information Services in Germany) |
| Published: |
2003
|
| In: |
Ethica
Year: 2003, Volume: 11, Issue: 2, Pages: 115-138 |
| Standardized Subjects / Keyword chains: | B
Feminist ethics
|
| RelBib Classification: | FD Contextual theology NCA Ethics VA Philosophy |
MARC
| LEADER | 00000caa a22000002c 4500 | ||
|---|---|---|---|
| 001 | 1621487237 | ||
| 003 | DE-627 | ||
| 005 | 20220615132256.0 | ||
| 007 | tu | ||
| 008 | 071204s2003 xx ||||| 00| ||ger c | ||
| 035 | |a (DE-627)1621487237 | ||
| 035 | |a (DE-576)274859726 | ||
| 035 | |a (DE-599)BSZ274859726 | ||
| 040 | |a DE-627 |b ger |c DE-627 |e rakwb | ||
| 041 | |a ger | ||
| 084 | |a 1 |2 ssgn | ||
| 100 | 1 | |0 (DE-588)124723179 |0 (DE-627)364571780 |0 (DE-576)294467653 |4 aut |a Kämpf, Heike |d 1964- | |
| 109 | |a Kämpf, Heike 1964- | ||
| 245 | 1 | 0 | |a Perspektiven einer postfeministischen Ethik jenseits einer geschlechterspezifischen Moral |c Heike Kämpf |
| 264 | 1 | |c 2003 | |
| 336 | |a Text |b txt |2 rdacontent | ||
| 337 | |a ohne Hilfsmittel zu benutzen |b n |2 rdamedia | ||
| 338 | |a Band |b nc |2 rdacarrier | ||
| 601 | |a Perspektive | ||
| 652 | |a FD:NCA:VA | ||
| 689 | 0 | 0 | |d s |0 (DE-588)4727181-4 |0 (DE-627)365851191 |0 (DE-576)215795458 |2 gnd |a Feministische Ethik |
| 689 | 0 | |5 (DE-627) | |
| 773 | 0 | 8 | |i In |t Ethica |d Innsbruck : Resch, 1993 |g 11(2003), 2, Seite 115-138 |w (DE-627)171084195 |w (DE-600)1149429-3 |w (DE-576)038486199 |x 1021-8122 |7 nnas |
| 773 | 1 | 8 | |g volume:11 |g year:2003 |g number:2 |g pages:115-138 |
| 935 | |a mteo | ||
| 951 | |a AR | ||
| ELC | |b 1 | ||
| ITA | |a 1 |t 1 | ||
| LOK | |0 000 xxxxxcx a22 zn 4500 | ||
| LOK | |0 001 3240573431 | ||
| LOK | |0 003 DE-627 | ||
| LOK | |0 004 1621487237 | ||
| LOK | |0 005 20160405141250 | ||
| LOK | |0 008 160404||||||||||||||||ger||||||| | ||
| LOK | |0 040 |a DE-Tue135 |c DE-627 |d DE-Tue135 | ||
| LOK | |0 092 |o n | ||
| LOK | |0 852 |a DE-Tue135 | ||
| LOK | |0 852 1 |9 00 | ||
| LOK | |0 935 |a ixzs |a ixmi | ||
| LOK | |0 936ln |0 1442052465 |a NCA | ||
| LOK | |0 936ln |0 1442053844 |a VA | ||
| LOK | |0 936ln |0 1442044071 |a FD | ||
| LOK | |0 939 |a 04-04-16 |b l01 | ||
| ORI | |a SA-MARC-ixtheoa001.raw | ||
| REL | |a 1 | ||
| STA | 0 | 0 | |a Feminist ethics |
| STB | 0 | 0 | |a Éthique féministe |
| STC | 0 | 0 | |a Ética feminista |
| STD | 0 | 0 | |a Etica femminista |
| STE | 0 | 0 | |a 女性主义伦理学 |
| STF | 0 | 0 | |a 女性主義倫理學 |
| STG | 0 | 0 | |a Ética feminista |
| STH | 0 | 0 | |a Феминистическая этика |
| STI | 0 | 0 | |a Φεμινιστική ηθική |
| SUB | |a REL | ||



